000 00604nam a2200229Ia 4500
003 OSt
005 20220924124134.0
006 a|||||r|||| 00| 0
007 ta
008 220923b |||||||| |||| 00| 0 urd d
024 _a314360
037 _cTextual
040 _aARTS
_cARTS
_burd
041 _2urd
_aurd
082 _aO168,1N191,2, L7
100 _aWahidi Nashwar
245 0 _aGul-e-afshani guftar
260 _aNew Delhi
_b Nai Awaz India
_c1977
650 _aURDU POETRY
942 _hO168,1N191,2, L7
_cTEXL
_2CC
999 _c418571
_d418571